000 00434nam a2200181Ia 4500
008 230524s9999 xx 000 0 und d
020 _a9788131720806
082 _a5.133
_bBHA
100 _aMahesh P.Bhave
245 0 _aProgramming with JAVA
250 _aIST
260 _aNEW DELHI
_bPearson
_c2009
300 _aXXXVII;709
500 _aQuantity Number: 5
650 _aComp-Sc
700 _a Sunil A.Patekar
942 _cBK
999 _c47044
_d47044